000 00295nam a2200121Ia 4500
008 220204s9999 xx 000 0 und d
082 _a021.4
_bPRA
100 _aPrasher, R G
245 0 _aIntroduction to reprography
260 _aDelhi
_bResearchco
_c1975
650 _aReprography
942 _cBK
999 _c36578
_d36578